Taylor Swift songs by letter - Y - Statistics

General Stats
  • This quiz has been taken 37 times
  • The average score is 4 of 6
Answer Stats
Answer % Correct
You Belong With Me
80%
You're On Your Own, Kid
76%
You Are In Love
60%
You Need To Calm Down
60%
You All Over Me
52%
You're Losing Me
44%
No matching quizzes found
Score Distribution
Percent of People with Each Score
Percentile by Number Answered
Your Score History
You have not taken this quiz